000 00552nam a2200229Ia 4500
003 OSt
005 20220924144112.0
006 a|||||r|||| 00| 0
007 ta
008 220923b |||||||| |||| 00| 0 pur d
020 _c12.75
024 _a311986
037 _cTextual
040 _aARTS
_cARTS
_bpur
041 _2pur
_apur
082 _aO164,1G07,11, 168K0
245 0 _aMasnavi baagh-e-Iram
260 _c1960
650 _aURDU POETRY
942 _hO164,1G07,11, 168K0
_cTEXL
_2CC
999 _c456108
_d456108